| 000 | 00530pam a2200205 a 4500 | ||
|---|---|---|---|
| 020 | _c | ||
| 040 | _aMedical College Lib. | ||
| 041 |
_aENG _hENG |
||
| 082 |
_a615.019 _bPOO |
||
| 100 | _aPoole, T.B. . | ||
| 245 |
_aCare And Management Of Laboratory Animals / _c _hTextual Documents |
||
| 250 |
_a6th / _b. |
||
| 260 |
_a : _bLongman , _c1987. |
||
| 300 |
_a1498 ; _c |
||
| 365 | _a2673=00 | ||
| 653 |
_aMedical Science _a Pharmacology |
||
| 930 | _a4772 | ||
| 999 |
_c4771 _d4771 |
||